MARC

LEADER 00000nam0a2200000 4500
001 169407
005 20231101222826.0
035 |a (RuTPU)RU\TPU\book\183764 
090 |a 169407 
100 |a 20091112d1946 m y0rusy50 ca 
101 0 |a rus 
102 |a RU 
105 |a a z 000zy 
200 1 |a Малая механизация в бурении  |e памятка инструкторским вахтам  |f Центральный научно-исследовательский институт механизации и организации труда в нефтяной промышленности 
210 |a Москва  |c Гостоптехиздат  |d 1946 
215 |a 56 с.  |c ил. 
610 1 |a бурение 
610 1 |a механизация 
610 1 |a приспособления 
610 1 |a транспортировка 
675 |a 622  |v 3 
712 0 2 |a Центральный научно-исследовательский институт механизации и организации труда в нефтяной промышленности  |2 stltpush  |3 (RuTPU)RU\TPU\col\15625  |9 26195 
801 1 |a RU  |b 63413507  |c 20091112 
801 2 |a RU  |b 63413507  |c 20100302  |g RCR 
942 |c BK